000 00311nam a2200097Ia 4500
008 220120s9999||||xx |||||||||||||| ||und||
100 _aSwathi C E
_912820
245 0 _aDesign and implementation of automatic LPG gas booking using
260 _aCoorg Institute of Technology
_bPonnampet
_c2020
650 _aMECHANICAL
999 _c138420
_d138420